Statistics for Italian Cities: Hearts of Iron 4

Click here to take the quiz!

General Stats

  • This quiz has been taken 44 times
  • The average score is 17 of 24

Answer Stats

StateVictory PointsCity% Correct
Latium40Rome
100%
Sicily20Palermo
92%
Piedmont5Turin
92%
Tuscany3Florence
90%
Veneto10Venice
90%
Campania20Naples
87%
Tripoli10Tripoli
87%
Lombardy15Milan
85%
Emilia Romagna3Bologna
79%
Piedmont10Genoa
77%
Somaliland3Mogadishu
77%
Benghasi3Benghazi
74%
Sardinia3Cagliari
74%
Sicily10Messina
74%
Istria1Trieste
72%
Eritrea1Asmara
62%
Dodecanese1Rhodes
62%
South Tyrol1Bolzano
56%
Calabria15Taranto
46%
Abruzzo1Ancona
38%
Tuscany1Livorno
38%
Latium5Anzio
36%
Tuscany1La Spezia
31%
Derna5Tobruk
31%

Score Distribution

Percentile by Number Answered

Percent of People with Each Score

Your Score History

You have not taken this quiz